| 000 | 00769 a2200253 4500 | ||
|---|---|---|---|
| 001 | 200001261 | ||
| 999 |
_c200001261 _d33612 |
||
| 003 | TR-AnTOB | ||
| 005 | 20190322122900.0 | ||
| 008 | 160507d19949999au qn0p 0 0 | ||
| 022 | _a1039-0820 | ||
| 041 | _aeng | ||
| 099 | _aJOURNAL - KİTC | ||
| 222 | 0 | _aKitchens & bathrooms | |
| 245 | 0 | 0 | _aKitchens & bathrooms |
| 260 |
_aNorth Ryde, N.S.W. : _bUniversal Magazines. |
||
| 300 |
_av.: _bcol. ill. ; _c30 cm. |
||
| 310 | _aQuarterly | ||
| 362 | _aBegan with v. 2, no. 1 [1994] | ||
| 650 |
_aKitchens _xRemodeling _vPeriodicals _969548 |
||
| 650 |
_aBathrooms _xRemodeling _vPeriodicals _969547 |
||
| 650 |
_aBathrooms _xDesign and construction _vPeriodicals _969546 |
||
| 650 |
_aKitchens _xDesign and construction _vPeriodicals _969545 |
||
| 942 | _cCR | ||